| 000 | 00485nam a2200157 i 4500 | ||
|---|---|---|---|
| 001 | 89215 | ||
| 003 | ES-MaACL | ||
| 005 | 20230906180119.0 | ||
| 007 | t| | ||
| 008 | 050105s1970 sp ||||1| spa d | ||
| 100 | 1 |
_aLarrauri Pacheco, Agustín. _970322 |
|
| 245 | 1 | 0 |
_aMatemáticas / _cpor Agustín Larrauri Pacheco. |
| 260 |
_a[San Sebastián : _bEd. Donostiarra ; _aZaragoza : _bDetaro y Felez, _c1970] |
||
| 300 |
_a2 v. : _bil. ; _c24 cm. |
||
| 852 |
_aES-MaACL _jC-44018-19 _bR.76504 |
||
| 999 |
_c89215 _d89215 |
||